000
00279nam a22001217a 4500
082
_a
425
_b
SHA/T
100
_a
SHARMA, KADAMBARI
245
_a
TEACHING OF ENGLISH
260
_a
NEW DELHI
_b
COMMONWEALTH PUBLISHERS
300
_a
164
650
_a
VOCABULARY
_z
NEW DELHI
942
_c
BK
999
_c
3943
_d
3943